Manufacturing technology, Vol-1 / (Record no. 52)
[ view plain ]
| 000 -LEADER | |
|---|---|
| fixed length control field | 00516 a2200169 4500 |
| 008 - FIXED-LENGTH DATA ELEMENTS--GENERAL INFORMATION | |
| fixed length control field | 210413b ||||| |||| 00| 0 eng d |
| 020 ## - INTERNATIONAL STANDARD BOOK NUMBER | |
| International Standard Book Number | 9789353160500 |
| 082 00 - DEWEY DECIMAL CLASSIFICATION NUMBER | |
| Classification number | 658.5 |
| Item number | R2151 |
| 100 ## - MAIN ENTRY--PERSONAL NAME | |
| Personal name | Rao, P. N. |
| 245 ## - TITLE STATEMENT | |
| Title | Manufacturing technology, Vol-1 / |
| 250 ## - EDITION STATEMENT | |
| Edition statement | 5th ed. |
| 260 ## - PUBLICATION, DISTRIBUTION, ETC. (IMPRINT) | |
| Place of publication, distribution, etc | New Delhi: |
| Name of publisher, distributor, etc | McGraw Hill Education (India) Pvt. Ltd., |
| Date of publication, distribution, etc | 2019. |
| 300 ## - PHYSICAL DESCRIPTION | |
| Extent | xxiii, I.4 p. |
| 505 0# - FORMATTED CONTENTS NOTE | |
| Formatted contents note | Foundry, Forming and Welding |
| 650 #0 - SUBJECT ADDED ENTRY--TOPICAL TERM | |
| Topical term or geographic name as entry element | Manufacturing Technology |
| General subdivision | Manufacturing Process |
| 942 ## - ADDED ENTRY ELEMENTS (KOHA) | |
| Source of classification or shelving scheme | |
| Item type | Books |
| Withdrawn status | Lost status | Source of classification or shelving scheme | Damaged status | Not for loan | Permanent location | Current location | Date acquired | Source of acquisition | Cost, normal purchase price | Full call number | Barcode | Date last seen | Cost, replacement price | Koha item type | Total Checkouts | Total Renewals | Checked out | Date last borrowed |
|---|---|---|---|---|---|---|---|---|---|---|---|---|---|---|---|---|---|---|
| IMU Kolkata | IMU Kolkata | 2019-09-05 | Katha-O-Kahini | 431.18 | 658.5 R2151 | 13593 | 2019-09-05 | 625.00 | Books | |||||||||
| IMU Kolkata | IMU Kolkata | 2019-09-05 | Katha-O-Kahini | 431.18 | 658.5 R2151 | 13594 | 2019-09-05 | 625.00 | Books | |||||||||
| IMU Kolkata | IMU Kolkata | 2019-09-05 | Katha-O-Kahini | 431.18 | 658.5 R2151 | 13595 | 2019-09-05 | 625.00 | Books | |||||||||
| IMU Kolkata | IMU Kolkata | 2019-09-05 | Katha-O-Kahini | 431.18 | 658.5 R2151 | 13596 | 2019-09-05 | 625.00 | Books | |||||||||
| IMU Kolkata | IMU Kolkata | 2019-09-05 | Katha-O-Kahini | 431.18 | 658.5 R2151 | 13597 | 2019-09-05 | 625.00 | Books | |||||||||
| IMU Kolkata | IMU Kolkata | 2019-09-05 | Katha-O-Kahini | 431.18 | 658.5 R2151 | 13598 | 2019-09-05 | 625.00 | Books | |||||||||
| IMU Kolkata | IMU Kolkata | 2019-09-05 | Katha-O-Kahini | 431.18 | 658.5 R2151 | 13599 | 2019-09-05 | 625.00 | Books | |||||||||
| IMU Kolkata | IMU Kolkata | 2019-09-05 | Katha-O-Kahini | 431.18 | 658.5 R2151 | 13600 | 2025-01-10 | 625.00 | Books | 1 | 1 | 2025-07-24 | 2025-01-10 |